Kalkulácia nového obchodu v životnom poistení v režime Solventnosť II diplomová práca

Guardado en:
Detalles Bibliográficos
Autor principal: Mihalech, Patrik, 1994-
Autor Corporativo: Fakulta hospodárskej informatiky EU. Katedra matematiky a aktuárstva
Otros Autores: Šoltésová, Tatiana, 1975-
Formato: Libro
Lenguaje:eslovaco
Publicado: Bratislava 2018
Etiquetas: Agregar Etiqueta
Sin Etiquetas, Sea el primero en etiquetar este registro!

MARC

LEADER 00000nbm a2200000 4500
001 0243506
005 20180925081033.5
041 0 |a slo 
044 |a SK 
245 1 0 |a Kalkulácia nového obchodu v životnom poistení v režime Solventnosť II  |b diplomová práca  |c Patrik Mihalech ; školiteľ: Tatiana Šoltésová 
264 1 |a Bratislava  |c 2018 
300 |a 69 s. 
100 1 |a Mihalech, Patrik, 1994- 
700 1 |a Šoltésová, Tatiana, 1975- 
710 2 |a Fakulta hospodárskej informatiky EU. Katedra matematiky a aktuárstva